| 000 | 01315nam a2200277 i 4500 | ||
|---|---|---|---|
| 003 | DO-SdBNP | ||
| 005 | 20250604135546.0 | ||
| 007 | ta | ||
| 008 | 250527b2025 dr ||||| |||| 00| 0 spa d | ||
| 020 | _a9789945656152 | ||
| 040 |
_aDO-SdBNP _bspa _cBNPHU _erda |
||
| 041 | _aspa | ||
| 082 | 4 |
_axxx _bC957 _222 |
|
| 100 | 1 |
_aCruz, Santiago de la, _d1961- _eautor _4aut. _975112 |
|
| 245 | 1 | 0 |
_aPensando en la voz alta : _baforismos y algo más / _cSantiago de la Cruz |
| 264 | 1 |
_aSanto Domingo : _bEditorial Santuario, _c2025. |
|
| 300 |
_a66 páginas ; _c24 cm. |
||
| 336 |
_atexto _btxt _2rdacontent |
||
| 337 |
_asin mediación _bn _2rdamedia |
||
| 338 |
_avolumen _bnc _2rdacarrier |
||
| 500 | _aIncluye datos biografícos del autor en las solapas. | ||
| 500 | _aSegún la Real Academia de la Lengua Española, el aforismo es una sentencia que pretende expresar una idea de manera concisa, coherente y en apariencia definitiva. Es el género literario más breve y conciso. La esencia de los aforismos es de carácter meramente filosófico. Es por esa razón que los aforistas más agudos de la antigua Grecia, eran los filósofos, quienes trataban de expresar su sentido convencional, a través de este valioso recurso literario. | ||
| 590 | _aInventariado, 2025/ YL | ||
| 910 | _aYLockward | ||
| 942 |
_2ddc _cLBS1 |
||
| 999 |
_c58804 _d58804 |
||